LEADER 01211nam a2200277 i 4500 001 000000243396 003 CaOOAMICUS 005 20220317140849.0 008 150702s1898 fr u000 u lat u 013 $a222301 040 $aSeMil$bita 100 0 $aThomas : a Kempis,$d.$0(OLS)http://semarc/name/11742 245 10$aDe imitatione Christi libri quatuor. 250 $aNovis curis edidit et ad fidem codicis Aronensis recognovit / Petrus Eduardus Puyol. 260 $aLutetiae Parisiorum :$bVictor Retaux,$c1898. 300 $aXLI, 352 p. ;$c21 cm. 650 4$aDe imitatione Christi.$0(OLS)http://semarc/subject/4776 650 4$aDe imitatione Christi - Analisi narrativa e linguistica.$0(OLS)http://semarc/subject/5188 700 1 $aPuyol, Pierre Édouard,$d<1835-1904>.$0(OLS)http://semarc/name/14941 850 $aSeMil 852 $aSeMil$W1$xVenegono$y1$m3F IV 123 FA$j193742$B193742$CSeMilBibl$Z2$F204467 $8I 900 1 $aThomas : von Kempen. 996 $6245$aDe imitatione Christi libri quatuor$9(OLS)http://semarc/title/352909 996 $6260$aLutetiae Parisiorum :$bVictor Retaux$9(OLS)http://semarc/publisher/54790 LEADER 01504nam a2200301 i 4500 001 000000096393 003 CaOOAMICUS 005 20060703000000.0 008 060703s2006 it u000 u ita u 013 $a68635 020 $a88-7962-122-X 040 $aSeMil$bita 245 13$aLe carte santambrosiane di un luogo scomparso: Paciliano :$b(secoli 10.-13.) /$ca cura di Luca Fois. 260 $aMilano :$bEdizioni Biblioteca Francescana,$c2006. 300 $a347 p. ;$c23 cm. 490 0 $aStudi di storia del cristianesimo e delle chiese cristiane. Fonti e documenti ;$v1 500 $aContiene : Bibliografia. - Testi in lingua orig. latina. 600 04$aAmbrogio .$0(OLS)http://semarc/subject/356 650 4$aMedioevo.$0(OLS)http://semarc/subject/974 650 4$aPaciliano.$0(OLS)http://semarc/subject/14997 700 1 $aFois, Luca.$0(OLS)http://semarc/name/36538 830 0$aStudi di storia del cristianesimo e delle chiese cristiane. Fonti e documenti ;$v1.$0(OLS)http://semarc/title/21112 850 $aSeMil 852 $aSeMil$W1$xVenegono$y1$m3A V 261$j56111$B56111$CSeMilBibl$Z2$F63994 $81 961 $aAcquisto: Edizioni Biblioteca Francescana 996 $6020$a88-7962-122-X$9(OLS)http://semarc/number/53612 996 $6245$aLe carte santambrosiane di un luogo scomparso: Paciliano :$b(secoli 10.-13.)$9(OLS)http://semarc/title/119404 996 $6260$aMilano :$bEdizioni Biblioteca Francescana$9(OLS)http://semarc/publisher/29947